000 01512cad a22002295a 4500
001 L148565
008 091005e20091002xxk f 000 0 eng d
035 _a(Sirsi) u148565
041 0 _aeng
050 0 4 _a711.552 $2 18
110 2 _aCompetition Commission
_93770
245 0 0 _aGroceries market investigation
_bremittal of the competition test by the Competition Appeal Tribunal: decision
_h[electronic resource]
260 _aLondon
_bCompetition Commission
_c2009
505 2 _aSummary -- Decision -- Remittal of the competition test -- Description of the adverse effect on competition and the remedies -- Our approach to reconsideration of the test -- Operation of the test -- Our assessment on the test -- Conclusion and revised recommendation -- Appendices: A. The competition test -- B. The market model -- C. Net present value model -- D. National effects
520 _aReports the decision of the Competition Commission on the groceries market. Follows an appeal from retailer Tesco against the recommendations given to the Government and the relevant administrations in the UK to implement a competition test in planning decisions on larger grocery stores.
521 _aAdvanced
590 _aKA NTK
651 4 _aUnited Kingdom
_y
690 _aPROPERTY-COMMERCIAL PROPERTY-RETAIL PROPERTY
856 4 0 _uhttps://www.competition-commission.org.uk/inquiries/ref2009/groceries_remittal/final_decision.htm
_zView the decision free of charge at www.competition-commission.org.uk...
942 _n0
999 _c110106
_d110106